Southville International School and Colleges
Your cart is empty.
  • Cart
  • Lists
    Public lists Eva Luna New books Lux_list list_1
    Your lists Log in to create your own lists
  • Log in to your account
  • Your cookies
  • Search history
Southville International School and Colleges
  • Advanced search
  • Recent comments
  • Most popular
  • Libraries

Log in to your account

Log in with GOOGLE


If you do not have an external account, but do have a local account, you can still log in:

  1. Home
  2. MARC view: Paper Towns /
Normal view MARC view ISBD view

Paper Towns / (Record no. 26089)

[ view plain ]
MARC details
000 -LEADER
fixed length control field 00830nam a22002057a 4500
005 - DATE AND TIME OF LATEST TRANSACTION
control field 20140310183651.0
008 - FIXED-LENGTH DATA ELEMENTS--GENERAL INFORMATION
fixed length control field 140123b xxu||||| |||| 00| 0 eng d
020 ## - INTERNATIONAL STANDARD BOOK NUMBER
International Standard Book Number 9780525478188
050 ## - LIBRARY OF CONGRESS CALL NUMBER
Classification number PZ 7
Item number .G8233Pap 2008
100 ## - MAIN ENTRY--PERSONAL NAME
Personal name Green, John
245 ## - TITLE STATEMENT
Title Paper Towns /
Statement of responsibility, etc John Green.
260 ## - PUBLICATION, DISTRIBUTION, ETC. (IMPRINT)
Place of publication, distribution, etc United States :
Name of publisher, distributor, etc Dutton Books,
Date of publication, distribution, etc 2008.
300 ## - PHYSICAL DESCRIPTION
Extent 305p. :
Dimensions 22 cm.
520 ## - SUMMARY, ETC.
Summary, etc One month before graduating from his Central Florida high school, Quentin "Q" Jacobsen basks in the predictable boringness of his life until the beautiful and exciting Margo Roth Spiegelman, Qs neighbor and classmate, takes him on a midnight adventure and then mysteriously disappears.
650 ## - SUBJECT ADDED ENTRY--TOPICAL TERM
Topical term or geographic name as entry element Missing persons-Fiction
650 ## - SUBJECT ADDED ENTRY--TOPICAL TERM
Topical term or geographic name as entry element Florida-Fiction
650 ## - SUBJECT ADDED ENTRY--TOPICAL TERM
Topical term or geographic name as entry element Coming of Age- Fiction
942 ## - ADDED ENTRY ELEMENTS (KOHA)
Source of classification or shelving scheme Library of Congress Classification
Koha item type Books
Holdings
Withdrawn status Lost status Source of classification or shelving scheme Damaged status Home library Current library Shelving location Date acquired Total Checkouts Total Renewals Full call number Barcode Date last seen Date checked out Copy number Price effective from Koha item type
    Library of Congress Classification   Luxembourg Library Luxembourg Library Fiction Section 01/23/2014 24 65 PZ 7 .G8233Pap 2008 19607 09/03/2019 09/02/2019 1 01/23/2014 Books

Paper Towns /

APA

Green J., . (2008). Paper Towns. United States: Dutton Books.

Chicago

Green John, . 2008. Paper Towns. United States: Dutton Books.

Harvard

Green J., . (2008). Paper Towns. United States: Dutton Books.

MLA

Green John, . Paper Towns. United States: Dutton Books. 2008.

  • Place hold
  • Print
  • Cite
  • Add to your cart (remove)
  • Save record
    BIBTEX Dublin Core MARCXML MARC (non-Unicode/MARC-8) MARC (Unicode/UTF-8) MARC (Unicode/UTF-8, Standard) MODS (XML) RIS
  • More searches
    Search for this title in:
    Other Libraries (WorldCat) Other Databases (Google Scholar) Online Stores (Bookfinder.com) Open Library (openlibrary.org)

Exporting to Dublin Core...

SOUTHVILLE LIBRARY

Southville International School and Colleges Library

1281 Tropical Ave. Cor. Luxembourg St., BF Homes International, Las Pinas City

Tel. No. 8256374 / 252358 Loc. 117/146

Powered by Koha